000 00846 a2200169 4500
003 Nust
005 20221024135904.0
040 _cNust
082 _a621.107,BED
100 _aBedford, Anthony
_99026
245 _aDynamics engineering mechanics /
_cAnthony Bedford & Wallace Fowler
260 _aIslamabad
_bNational book foundation
_c1994
300 _a551p.
505 _aIntroduction (Page-1), Motion of a Points (Page-15), Force Mass and Acceleration (Page-99), Energy Methods (Page-139), Momentum Methods (Page-185), Planar Kinematics of Rigid Bodies (Page-231), Two Dimensional Dynamics of Rigid Bodies (Page-303), Energy and Momentum in Planar Rigid Body Dynamics (Page-367), Three Dimensional Kinematics and Dynamics of Rigid Bodies (Page-421), Vibrations (Page-483).
650 _aDynamics engineering
_9101269
942 _2ddc
_cBK
999 _c190555
_d190555